Il maestro della notte

Bewaard in:
Bibliografische gegevens
Hoofdauteur: Xianyong Bai
Formaat: Boek
Taal:Onbekende taal
Gepubliceerd in: Torino Einaudi 2005
Tags: Voeg label toe
Geen labels, Wees de eerste die dit record labelt!

MARC

LEADER 00000nam a2200000Ia 4500
001 348
003 NUMERAZIONE-ORIGINALE-BRESCIA
005 20260206230752.0
008 260206s9999 xx 000 0 und d
100 |a Xianyong Bai 
245 0 |a Il maestro della notte 
260 |a Torino 
260 |b Einaudi 
260 |c 2005 
500 |a Stile libero 
942 |2 ddc  |c BK  |n 0 
952 |0 0  |1 0  |2 ddc  |4 0  |6 31  |7 0  |9 28544  |a BS  |b BS  |d 2026-02-06  |i 348-2  |l 0  |o 3-1-*  |r 2026-02-06 22:40:37  |w 2026-02-06  |x [REVISIONARE]  |y BK 
952 |0 0  |1 0  |2 ddc  |4 0  |6 31  |7 0  |9 28545  |a BS  |b BS  |d 2026-02-06  |i 348-1  |l 0  |o 3-1-*  |r 2026-02-06 22:40:37  |w 2026-02-06  |x [REVISIONARE]  |y BK 
999 |c 24212  |d 24212